000 00390nam a2200157Ia 4500
008 240729s9999 xx 000 0 und d
022 _a2957-9538
245 0 _aHuman-Animal Interactions
260 _aUnited Kingdom
260 _bCABI
650 _a Zoology
650 _aScience
856 _uhttps://doaj.org/toc/8b065d601593456584aafef7efe645f9
942 _2ddc
942 _cDOAJEJ
999 _c66879
_d66879
945 _a1
_bMadushi Gamage
_c1
_dMadushi Gamage